| 000 | 00867nam a2200205 i 4500 | ||
|---|---|---|---|
| 001 | 102233 | ||
| 003 | ES-MaACL | ||
| 005 | 20251120063137.0 | ||
| 007 | t| | ||
| 008 | 051107s1919 sp ||||1| spa d | ||
| 080 | _a821.134.2-13"18" | ||
| 100 | 1 |
_aMenéndez Pidal, Juan, _d1861-1915 _980314 |
|
| 245 | 1 | 0 |
_aDon Nuño de Rondaliegos : _baquí se contienen unas vien assonadas coplas que fizo Johan Menendes Pidal, natural de las Asturias de Oviedo, en la qual es relatado de cómo el buen cavallero D. Nuño de Rondaliegos se topó con la "uestia" al tornar de la guerra ... |
| 260 |
_aMadrid : _b[s.n.], _c1919. |
||
| 300 |
_a18 p. ; _c22 cm. |
||
| 530 | _aDisponible en formato digital. | ||
| 852 |
_aES-MaACL _jT-1201-F-5 |
||
| 856 |
_uhttp://bdh-rd.bne.es/viewer.vm?id=0000131014&page=1 _zBiblioteca Digital Hispánica |
||
| 999 |
_c102233 _d102233 |
||